| 000 | 01300cam a2200373 i 4500 | ||
|---|---|---|---|
| 999 |
_c200442836 _d61048 |
||
| 001 | 200442836 | ||
| 003 | TR-AnTOB | ||
| 005 | 20230315135020.0 | ||
| 007 | ta | ||
| 008 | 950210s19941994dcua b i000 0 eng d | ||
| 010 | _a 95118999 | ||
| 020 | _a1557754446 | ||
| 035 | _a(OCoLC)31967728 | ||
| 035 | _a(TR-AnTOB)200442836 | ||
| 040 |
_aDBI _beng _erda _cDBI _dDLC _dTR-AnTOB |
||
| 041 | 0 | _aeng | |
| 050 | 0 | 4 |
_aHG3881 _b.M877 1994 |
| 090 |
_aHG3881 _b.M877 1994 |
||
| 100 | 1 |
_aMussa, Michael _eauthor _9132043 |
|
| 245 | 0 | 0 |
_aImproving the international monetary system : _bconstraints and possibilities / _cMichael Mussa [and four others]. |
| 264 | 1 |
_aWashington, DC : _bInternational Monetary Fund, _c1994. |
|
| 264 | 4 | _c©1994 | |
| 300 |
_av, 39 pages : _billustrations ; _c28 cm |
||
| 336 |
_atext _btxt _2rdacontent |
||
| 337 |
_aunmediated _bn _2rdamedia |
||
| 338 |
_avolume _bnc _2rdacarrier |
||
| 490 | 0 |
_aOccasional paper ; _v116. |
|
| 650 | 0 |
_aInternational finance _91817 |
|
| 710 | 2 |
_aInternational Monetary Fund _979373 |
|
| 856 | 4 | 1 |
_3IMF eLibrary (Open Access) _zOnline access link to the resource _uhttps://www.elibrary.imf.org/display/book/9781557754448/9781557754448.xml?rskey=lDv94y&result=1 |
| 942 |
_2lcc _cBK |
||